| 000 | 00842nam a22002657a 4500 | ||
|---|---|---|---|
| 003 | DO-SdBNP | ||
| 005 | 20240510073820.0 | ||
| 007 | ta | ||
| 008 | 210527e2020 dr a|||gr|||| 001 0 spa d | ||
| 020 | _a9789945618266 | ||
| 040 |
_aDO-SdBNP _bspa _cBNPHU |
||
| 041 | _hspa | ||
| 082 | 4 |
_a234 _bP896h _222 |
|
| 100 | 1 |
_910971 _aPrado Flores, José H. |
|
| 245 | 1 | 0 |
_aHistoria de la salvación : _bnuestra propia historia / _cJosé H. Prado Flores ; ilustaciones Jonathan Isaías Beatriz. |
| 260 |
_aSanto Domingo : _bPjses, _c2020. |
||
| 300 |
_a194 p. : _bil. ; _c22 cm. |
||
| 590 | _aInventariado, 2021/MF | ||
| 650 | 1 | 4 |
_aSalvación _93270 |
| 650 | 1 | 0 |
_aVida cristiana _9668 |
| 650 | 1 | 4 |
_aVida religiosa _915864 |
| 700 | 1 |
_aBeatriz, Jonathan Isaías, _eil. _978687 |
|
| 910 | _aMfeliz-Validado. Control de calidad MFF | ||
| 942 |
_2ddc _cLBS1 |
||
| 999 |
_c49855 _d49855 |
||